[Event "Beersheba"]
[Site "Beer Sheba ISR"]
[Date "1992.??.??"]
[Round "8"]
[White "Greenfeld, Alon"]
[Black "Chernin, Alexander M"]
[Result "1/2-1/2"]
[WhiteElo "2520"]
[BlackElo "2620"]
[PlyCount "20"]
[EventDate "1992.03.??"]
[Source "www.chesslib.no"]
[SourceDate "2004.05.04"]

1. c4 e5 2. Nc3 Nc6 3. Nf3 Nf6 4. e3 Bb4 5. Qc2 Bxc3 6. Qxc3 Qe7 7. a3 d5 8. cxd5 Nxd5 9. Qb3 Nb6 10. d3 O-O 1/2-1/2

[Event "Sollentuna SK-Kirsebergs SK"]
[Site "?"]
[Date "2001.03.16"]
[Round "9"]
[White "Agrest Evgenij"]
[Black "Drasko Milan"]
[Result "1/2-1/2"]
[WhiteElo "2531"]
[BlackElo "2510"]
[PlyCount "65"]
[EventDate "2001.??.??"]
[Source "www.chesslib.no"]
[SourceDate "2004.05.04"]

1. c4 e5 2. Nc3 Nc6 3. Nf3 Nf6 4. e3 Be7 5. a3 O-O 6. Qc2 d6 7. b4 g6 8. Bb2 Re8 9. Be2 Bf8 10. d3 Bg7 11. Nd2 Bg4 12. Nde4 Bxe2 13. Nxf6+ Qxf6 14. Qxe2 Ne7 15. Nd5 Nxd5 16. cxd5 a5 17. b5 a4 18. Qc2 Qf5 19. O-O Qd7 20. Qc4 Ra5 21. Bc3 Rxb5 22. Qxa4 c6 23. e4 Rd8 24. dxc6 Qxc6 25. Bb4 Bh6 26. g3 d5 27. Ra2 dxe4 28. dxe4 Rc5 29. Qxc6 Rxc6 30. Rb1 Rc4 31. Re2 Rd7 32. Kg2 Bf8 33. Bxf8 1/2-1/2

[Event "Lvov"]
[Site "Lvov"]
[Date "1995.??.??"]
[Round "9"]
[White "Mikhalchishin, Adrian"]
[Black "Galliamova, Alisa"]
[Result "1-0"]
[WhiteElo "2505"]
[BlackElo "2475"]
[PlyCount "79"]
[EventDate "1995.12.??"]
[Source "ChessBase"]

1. c4 e5 2. Nc3 Nc6 3. Nf3 Nf6 4. e3 Bb4 5. Qc2 O-O 6. a3 Bxc3 7. Qxc3 Re8 8. d3 d5 9. cxd5 Qxd5 10. e4 Qd6 11. Be3 Bg4 12. Nd2 Rad8 13. h3 Bc8 14. Nc4 Qe7 15. Be2 Nd4 16. Bd1 Nd7 17. b4 Nf8 18. O-O Qf6 19. Bxd4 Rxd4 20. f4 exf4 21. e5 Qd8 22. Nd6 Rxd6 23. exd6 Qxd6 24. Qc5 Qxd3 25. Bc2 Qe3+ 26. Qxe3 fxe3 27. Rae1 e2 28. Rf2 Re3 29. Rexe2 Rxa3 30. Re8 Bd7 31. Rb8 g6 32. Rd2 Kg7 33. Rxb7 Ra2 34. Rxc7 Bf5 35. Rxf7+ Kxf7 36. Bb3+ Kf6 37. Bxa2 Ne6 38. Rd7 a6 39. Rd6 Ke5 40. Rxa6 1-0

[Event "Russian Winter Open"]
[Site "Moscow RUS"]
[Date "1991.??.??"]
[Round "?"]
[White "Maksimenko, Andrei"]
[Black "Dvoirys, Semen I"]
[Result "0-1"]
[WhiteElo "2370"]
[BlackElo "2560"]
[PlyCount "40"]
[EventDate "1991.??.??"]
[Source "www.chesslib.no"]
[SourceDate "2004.05.04"]

1. c4 e5 2. Nc3 Nc6 3. Nf3 Nf6 4. e3 Bb4 5. Qc2 Bxc3 6. Qxc3 Qe7 7. Be2 O-O 8. O-O d5 9. d3 e4 10. Nd2 Ne5 11. b3 exd3 12. Bxd3 Nxd3 13. Qxd3 dxc4 14. Nxc4 Rd8 15. Qc3 Ne4 16. Qa5 b6 17. Qe1 Ba6 18. f3 Bxc4 19. bxc4 Qf6 20. Rb1 Nd6 0-1

[Event "7th, Cutro ITA"]
[Site "?"]
[Date "2001.??.??"]
[Round "10"]
[White "Borgo, G."]
[Black "Drasko, M."]
[Result "0-1"]
[WhiteElo "2405"]
[BlackElo "2520"]
[PlyCount "112"]
[EventDate "2001.??.??"]
[Source "www.chesslib.no"]
[SourceDate "2004.05.04"]

1. c4 e5 2. Nc3 Nc6 3. Nf3 Nf6 4. e3 Be7 5. d4 exd4 6. Nxd4 Nxd4 7. Qxd4 b6 8. Be2 Bb7 9. e4 O-O 10. Qd3 Bb4 11. f3 b5 12. cxb5 d5 13. Bd2 Qe7 14. e5 Qxe5 15. Be3 Rfe8 16. Bd4 Qg5 17. g3 Nd7 18. Qd2 Qe7 19. a3 Bxc3 20. bxc3 Nc5 21. Ra2 Nb3 22. Qd1 Nxd4 23. Qxd4 a6 24. O-O axb5 25. Bxb5 c6 26. Bd3 c5 27. Qf2 c4 28. Bc2 Rxa3 29. Rxa3 Qxa3 30. Qd4 Qe7 31. Rd1 Qe2 32. Ba4 Re7 33. Rf1 h6 34. Rf2 Qe1+ 35. Kg2 Re2 36. Rxe2 Qxe2+ 37. Kg1 Qxf3 38. Bd1 Qd3 39. Qxd3 cxd3 40. Kf2 Ba6 41. Ke3 Bc4 42. Bg4 g6 43. Kd4 Kg7 44. Bd1 Kf6 45. Bg4 Ke7 46. Bd1 Ke6 47. Bg4+ f5 48. Bf3 g5 49. Ke3 Ke5 50. Bd1 f4+ 51. gxf4+ gxf4+ 52. Kf3 Bb5 53. Bb3 Be8 54. Kf2 Bh5 55. Ke1 Ke4 56. Kd2 f3 0-1

[Event "Andorra op 16th"]
[Site "?"]
[Date "1998.??.??"]
[Round "2"]
[White "Miles Anthony J"]
[Black "Garcia Paolicchi Raul"]
[Result "1-0"]
[WhiteElo "2595"]
[BlackElo "2330"]
[PlyCount "61"]
[EventDate "1998.??.??"]
[Source "www.chesslib.no"]
[SourceDate "2004.05.04"]

1. c4 e5 2. Nc3 Nc6 3. Nf3 Nf6 4. e3 Be7 5. a3 d5 6. cxd5 Nxd5 7. Bb5 Nxc3 8. bxc3 Bd6 9. d4 exd4 10. cxd4 Bd7 11. O-O Ne7 12. Qb3 Rb8 13. Bc4 O-O 14. Ng5 Be8 15. Qc2 g6 16. e4 Nc6 17. Nf3 Be7 18. Bb2 b5 19. Be2 f5 20. d5 fxe4 21. Qxe4 Na5 22. Qe6+ Rf7 23. Ne5 Rb6 24. Nxf7 Bxf7 25. Qe3 Bxd5 26. Rad1 Nc4 27. Bxc4 bxc4 28. Qe5 Bf6 29. Rxd5 Qf8 30. Qxc7 Rxb2 31. Qxc4 1-0

[Event "Curitiba"]
[Site "Curitiba"]
[Date "1983.??.??"]
[Round "5"]
[White "Sunye Neto, Jaime"]
[Black "Giardelli, Sergio C"]
[Result "1/2-1/2"]
[WhiteElo "2480"]
[BlackElo "2430"]
[PlyCount "49"]
[EventDate "1983.??.??"]
[Source "www.chesslib.no"]
[SourceDate "2004.05.04"]

1. c4 e5 2. Nc3 Nc6 3. Nf3 Nf6 4. e3 g6 5. d4 d6 6. d5 Ne7 7. e4 Bg7 8. Be2 O-O 9. h4 c6 10. Nd2 Ne8 11. h5 f5 12. hxg6 Nxg6 13. exf5 Bxf5 14. Nde4 Nf4 15. Bf3 Rc8 16. g3 cxd5 17. cxd5 Ng6 18. Bg4 Qd7 19. Bxf5 Qxf5 20. Qe2 a6 21. a4 Ne7 22. Bg5 Rf7 23. a5 Ng6 24. Ra4 Bf8 25. Rb4 1/2-1/2

[Event "Camp. asiatico 2007"]
[Site "Cebu FIL"]
[Date "2007.09.29"]
[Round "11.24"]
[White "Bitoon, Richard"]
[Black "Alavi, Seyed Javad"]
[Result "1/2-1/2"]
[WhiteElo "2399"]
[BlackElo "2493"]
[PlyCount "35"]
[EventDate "2007.09.19"]
[Source "www.chesslib.no"]
[SourceDate "2004.05.04"]

1. c4 e5 2. Nc3 Nc6 3. Nf3 Nf6 4. e3 Be7 5. d4 exd4 6. Nxd4 O-O 7. Nxc6 bxc6 8. Be2 d6 9. Bf3 Bb7 10. O-O Nd7 11. b3 Bf6 12. Bb2 Qe7 13. Qc2 a5 14. g3 Rfb8 15. Bg2 Nc5 16. Rab1 Ra6 17. Ba3 Ne6 18. Rfe1 1/2-1/2

[Event "Bonn GSK"]
[Site "Bonn"]
[Date "1995.??.??"]
[Round "10"]
[White "Wintzer, Joachim"]
[Black "Piskov, Yury"]
[Result "1/2-1/2"]
[WhiteElo "2335"]
[BlackElo "2540"]
[PlyCount "40"]
[EventDate "1995.??.??"]
[Source "ChessBase"]

1. c4 e5 2. Nc3 Nc6 3. Nf3 Nf6 4. e3 Bb4 5. Qc2 Bxc3 6. Qxc3 Qe7 7. a3 d5 8. cxd5 Nxd5 9. Qb3 Nb6 10. d3 a5 11. Bd2 Be6 12. Qc2 a4 13. Rc1 g6 14. h3 f6 15. Be2 h5 16. d4 Bb3 17. Qxg6+ Bf7 18. Qe4 Bd5 19. Qg6+ Bf7 20. Qe4 Bd5 1/2-1/2

[Event "Dnepropetrovsk UKR"]
[Site "?"]
[Date "2006.03.11"]
[Round "8"]
[White "Kuzubov Yuriy"]
[Black "Tishin Dmitry"]
[Result "1-0"]
[WhiteElo "2544"]
[BlackElo "2330"]
[PlyCount "65"]
[EventDate "2006.??.??"]
[Source "www.chesslib.no"]
[SourceDate "2004.05.04"]

1. c4 e5 2. Nc3 Nc6 3. Nf3 Nf6 4. e3 d6 5. d3 g6 6. g3 Bg7 7. Bg2 O-O 8. O-O h6 9. d4 exd4 10. exd4 d5 11. cxd5 Ne7 12. Ne5 Nfxd5 13. Re1 c6 14. h4 Nf6 15. Qb3 Ned5 16. Na4 Qa5 17. Qd1 Qc7 18. Bd2 h5 19. Rc1 Bf5 20. Qb3 Rad8 21. Bg5 Rd6 22. Nc5 b6 23. Na6 Qb7 24. Nb4 Bd7 25. Bxf6 Bxf6 26. Nexc6 Rxc6 27. Nxd5 Be8 28. Nc3 Qb8 29. Bxc6 Bxc6 30. d5 Bb7 31. Ne4 Qe5 32. Nc5 Qxd5 33. Qxd5 1-0

[Event "Mexico"]
[Site "Mexico City MEX"]
[Date "1978.??.??"]
[Round "10"]
[White "Shamkovich, Leonid A"]
[Black "Lebredo, Gerardo"]
[Result "1-0"]
[WhiteElo "2485"]
[BlackElo "2385"]
[PlyCount "45"]
[EventDate "1978.??.??"]
[Source "www.chesslib.no"]
[SourceDate "2004.05.04"]

1. c4 e5 2. Nc3 Nc6 3. Nf3 Nf6 4. e3 d5 5. cxd5 Nxd5 6. Bb5 Nxc3 7. bxc3 Bd6 8. d4 Bd7 9. O-O O-O 10. Be2 Re8 11. c4 exd4 12. exd4 Bg4 13. Be3 Qf6 14. Qd2 Re4 15. h3 Bh5 16. Rab1 Rae8 17. Rxb7 Bf4 18. Rb3 Bxf3 19. Bxf3 Rxd4 20. Qc2 Rd6 21. Bxc6 Rxc6 22. Qe4 Be5 23. f4 1-0

[Event "tt-Extra"]
[Site "?"]
[Date "1997.??.??"]
[Round "?"]
[White "Banas Jan"]
[Black "Polak Tomas"]
[Result "1/2-1/2"]
[WhiteElo "2420"]
[BlackElo "2450"]
[PlyCount "42"]
[EventDate "1997.??.??"]
[Source "www.chesslib.no"]
[SourceDate "2004.05.04"]

1. c4 e5 2. Nc3 Nc6 3. Nf3 Nf6 4. e3 Bb4 5. Qb3 d6 6. a3 Bc5 7. Qc2 a5 8. d3 O-O 9. Be2 h6 10. O-O Bf5 11. b3 Re8 12. Bb2 Bh7 13. Rfd1 Ba7 14. Rac1 Nd7 15. Nd5 Ne7 16. Nxe7+ Qxe7 17. Bc3 c6 18. Bf1 Bb8 19. Bb4 axb4 20. axb4 d5 21. cxd5 cxd5 1/2-1/2

[Event "FRA Ch"]
[Site "Toulouse FRA"]
[Date "1995.??.??"]
[Round "12"]
[White "Hauchard, Arnaud"]
[Black "Relange, Eloi"]
[Result "1/2-1/2"]
[WhiteElo "2445"]
[BlackElo "2420"]
[PlyCount "90"]
[EventDate "1995.08.??"]
[Source "www.chesslib.no"]
[SourceDate "2004.05.04"]

1. c4 e5 2. Nc3 Nc6 3. Nf3 Nf6 4. e3 Bb4 5. Qc2 O-O 6. Nd5 Bd6 7. Ng5 g6 8. Nxf6+ Qxf6 9. Ne4 Qe6 10. Nxd6 Qxd6 11. a3 a5 12. b3 b6 13. Be2 Bb7 14. Bb2 Ne7 15. O-O Nf5 16. Qc3 f6 17. f4 Rae8 18. fxe5 fxe5 19. Rf2 Qe7 20. Raf1 d6 21. b4 axb4 22. axb4 c5 23. b5 Nh4 24. Qd3 Rxf2 25. Rxf2 Rf8 26. Rxf8+ Qxf8 27. e4 g5 28. g3 Ng6 29. Bg4 Kg7 30. Bf5 h6 31. Bc3 Qf6 32. Qe2 Ne7 33. Bg4 Qf8 34. d3 Bc8 35. Kg2 Bxg4 36. Qxg4 Qc8 37. Qe2 Ng8 38. Qa2 Qg4 39. Qd2 Nf6 40. h3 Qd7 41. Qa2 g4 42. h4 Qf7 43. Qe2 h5 44. Bd2 Nh7 45. Qe3 Qf6 1/2-1/2

[Event "Latin Cup Final"]
[Site "Bogota"]
[Date "1991.??.??"]
[Round "5"]
[White "Sunye Neto, Jaime"]
[Black "Henao, Raul Fernando"]
[Result "1-0"]
[WhiteElo "2475"]
[BlackElo "2380"]
[PlyCount "79"]
[EventDate "1991.??.??"]
[Source "www.chesslib.no"]
[SourceDate "2004.05.04"]

1. c4 e5 2. Nc3 Nc6 3. Nf3 Nf6 4. e3 Bb4 5. Qc2 O-O 6. a3 Bxc3 7. Qxc3 Re8 8. d3 d5 9. cxd5 Nxd5 10. Qc2 Bf5 11. e4 Bg6 12. Be2 Nb6 13. O-O Qd6 14. Be3 Nd4 15. Bxd4 exd4 16. Rac1 c6 17. Nh4 Rad8 18. Rfd1 f6 19. Nxg6 hxg6 20. b4 g5 21. Bg4 g6 22. b5 cxb5 23. Qb3+ Kg7 24. Qxb5 Re5 25. Qb4 Qxb4 26. axb4 f5 27. exf5 gxf5 28. Bf3 Rd7 29. h3 Rb5 30. Re1 Na4 31. Rc8 Nc3 32. g4 f4 33. Ree8 Rxb4 34. Rg8+ Kf6 35. h4 gxh4 36. g5+ Ke5 37. g6 Rb6 38. Kh2 Re7 39. Bh5 Nd5 40. g7 1-0

[Event "NED-chT"]
[Site "?"]
[Date "2000.04.29"]
[Round "7"]
[White "Bosboom Manuel"]
[Black "Douven Rudy C"]
[Result "0-1"]
[WhiteElo "2461"]
[BlackElo "2389"]
[PlyCount "56"]
[EventDate "2000.??.??"]
[Source "www.chesslib.no"]
[SourceDate "2004.05.04"]

1. c4 e5 2. Nc3 Nc6 3. Nf3 Nf6 4. e3 Bb4 5. Qc2 Bxc3 6. Qxc3 Qe7 7. a3 O-O 8. b4 d5 9. d4 Nxd4 10. Nxd4 Ne4 11. Qb2 exd4 12. Qxd4 dxc4 13. Bb2 c3 14. Bxc3 Nxc3 15. Qxc3 b6 16. Be2 Bb7 17. O-O Rac8 18. Rfd1 c5 19. Rd2 Qg5 20. Bf1 cxb4 21. Qxb4 Rfd8 22. Rad1 g6 23. h4 Qf6 24. h5 Rxd2 25. Qxd2 Kg7 26. Qd7 Rc2 27. Qxb7 Qxf2+ 28. Kh1 Rc5 0-1

[Event "Budapest HUN"]
[Site "?"]
[Date "2003.07.09"]
[Round "5"]
[White "Gunnarsson Arnar"]
[Black "Ovsejevitsch Sergei"]
[Result "1/2-1/2"]
[WhiteElo "2348"]
[BlackElo "2497"]
[PlyCount "25"]
[EventDate "2003.??.??"]
[Source "www.chesslib.no"]
[SourceDate "2004.05.04"]

1. c4 e5 2. Nc3 Nc6 3. Nf3 Nf6 4. e3 Be7 5. d4 exd4 6. Nxd4 O-O 7. Be2 d5 8. Nxc6 bxc6 9. Qc2 Bd6 10. O-O Qe7 11. Rd1 Rd8 12. cxd5 cxd5 13. Nb5 1/2-1/2

[Event "Voronezh-ch Region"]
[Site "Voronezh"]
[Date "2004.12.09"]
[Round "7"]
[White "Provotorov, Ivan"]
[Black "Belikov, Vladimir"]
[Result "1/2-1/2"]
[WhiteElo "2334"]
[BlackElo "2506"]
[PlyCount "40"]
[EventDate "2004.12.03"]
[Source "Roberto Alvarez"]
[SourceDate "2004.12.13"]

1. c4 e5 2. Nc3 Nc6 3. Nf3 Nf6 4. e3 Be7 5. d4 exd4 6. Nxd4 O-O 7. Be2 d5 8. Nxc6 bxc6 9. O-O Bd6 10. cxd5 cxd5 11. b3 c6 12. Bb2 Qe7 13. Rc1 Bf5 14. Bf3 Rfd8 15. Ne2 Rac8 16. Ng3 Bg6 17. Qe2 Be5 18. Bxe5 Qxe5 19. Qa6 Qc7 20. b4 Rd6 1/2-1/2

[Event "Cappelle Open"]
[Site "Cappelle la Grande FRA"]
[Date "1993.??.??"]
[Round "1"]
[White "Cerisier, Philippe"]
[Black "Sadler, Matthew"]
[Result "1/2-1/2"]
[WhiteElo "2285"]
[BlackElo "2540"]
[PlyCount "68"]
[EventDate "1993.02.??"]
[Source "www.chesslib.no"]
[SourceDate "2004.05.04"]

1. c4 e5 2. Nc3 Nc6 3. Nf3 Nf6 4. e3 Be7 5. d4 exd4 6. Nxd4 O-O 7. Be2 Nxd4 8. Qxd4 Re8 9. O-O Bd6 10. Qh4 Be5 11. Bd2 d6 12. Bd3 Bd7 13. Rad1 h6 14. h3 Bc6 15. Rfe1 d5 16. f4 Bd6 17. cxd5 Nxd5 18. Qg3 Nf6 19. e4 Nh5 20. Qg4 Bc5+ 21. Be3 Bxe3+ 22. Rxe3 Qd4 23. Kf2 Nf6 24. Qe2 Rad8 25. Bb1 Qc5 26. Rxd8 Rxd8 27. e5 Nd5 28. Nxd5 Rxd5 29. Kg3 Qc1 30. Be4 Rd2 31. Qg4 Bxe4 32. Rxe4 Qc2 33. Qc8+ Kh7 34. Qf5+ Kg8 1/2-1/2

[Event "Casablanca"]
[Site "Zaragoza"]
[Date "1992.??.??"]
[Round "?"]
[White "Paglilla, Carlos"]
[Black "Garcia Palermo, Carlos H"]
[Result "0-1"]
[WhiteElo "2355"]
[BlackElo "2465"]
[PlyCount "82"]
[EventDate "1992.??.??"]
[Source "www.chesslib.no"]
[SourceDate "2004.05.04"]

1. c4 e5 2. Nc3 Nc6 3. Nf3 Nf6 4. e3 Be7 5. d4 exd4 6. Nxd4 O-O 7. Be2 d5 8. cxd5 Nb4 9. e4 Nxe4 10. Ndb5 Nxc3 11. Nxc3 Bf6 12. O-O Bxc3 13. bxc3 Nxd5 14. Bf3 Nb6 15. Ba3 Qxd1 16. Raxd1 Re8 17. Rfe1 Rxe1+ 18. Rxe1 Be6 19. Bxb7 Rb8 20. Bc6 Bxa2 21. Ra1 Bd5 22. Bb5 c6 23. Bd3 Bc4 24. Be4 Nd5 25. h3 a5 26. Bf3 a4 27. Bd6 Ra8 28. Bxd5 cxd5 29. f3 Bb3 30. Kf2 Rc8 31. Bb4 f5 32. Ke3 Re8+ 33. Kd2 f4 34. Re1 Rxe1 35. Kxe1 g5 36. Ba3 Kf7 37. Kf2 h5 38. g3 h4 39. gxh4 gxh4 40. Ke2 Ke6 41. Kd2 Ke5 0-1

[Event "Naleczow"]
[Site "Naleczow"]
[Date "1985.??.??"]
[Round "6"]
[White "Velikov, Petar"]
[Black "Dobosz, Henryk"]
[Result "1/2-1/2"]
[WhiteElo "2425"]
[BlackElo "2390"]
[PlyCount "87"]
[EventDate "1985.07.??"]
[Source "ChessBase"]

1. c4 e5 2. Nc3 Nc6 3. Nf3 Nf6 4. e3 d6 5. d4 exd4 6. exd4 g6 7. h3 Bg7 8. Bd3 O-O 9. O-O Ne7 10. Re1 h6 11. Bd2 Bf5 12. Bf1 g5 13. d5 Ng6 14. Nb5 c5 15. dxc6 bxc6 16. Nbd4 Be4 17. Bc3 Re8 18. Nh2 Ne5 19. Ng4 Nexg4 20. hxg4 Qd7 21. f3 Bg6 22. Rxe8+ Rxe8 23. Bd3 h5 24. Bxg6 fxg6 25. Qd3 Kf7 26. Rf1 d5 27. Nb3 dxc4 28. Qxc4+ Qd5 29. Na5 Re6 30. a3 Kg8 31. gxh5 gxh5 32. Rc1 g4 33. Qxd5 cxd5 34. Rd1 gxf3 35. gxf3 Kf7 36. Nb3 Rb6 37. Nc5 Bf8 38. Nd3 Bd6 39. Nb4 Bc5+ 40. Kg2 Rd6 41. Be5 Rd7 42. Bxf6 Bxb4 43. Bd4 Be7 44. b4 1/2-1/2

[Event "HUN-chT1"]
[Site "HUN"]
[Date "1995.??.??"]
[Round "?"]
[White "Banas, Jan"]
[Black "Gazik, Igor"]
[Result "1/2-1/2"]
[WhiteElo "2410"]
[BlackElo "2400"]
[PlyCount "114"]
[EventDate "1995.??.??"]
[Source "www.chesslib.no"]
[SourceDate "2004.05.04"]

1. c4 e5 2. Nc3 Nc6 3. Nf3 Nf6 4. e3 Be7 5. d4 exd4 6. Nxd4 O-O 7. Nc2 Re8 8. Be2 Bc5 9. O-O d6 10. b3 a5 11. Bb2 Ne5 12. Nd4 c6 13. h3 Ng6 14. Qd3 Nh4 15. Rfd1 d5 16. cxd5 Nxd5 17. Nf3 Be6 18. Qc4 Be7 19. Nxd5 cxd5 20. Qb5 Nf5 21. Nd4 Nd6 22. Qd3 Bf6 23. Bf3 Qb6 24. Rab1 Qa6 25. Qxa6 Rxa6 26. Be2 Rb6 27. Bc3 Ra8 28. Rbc1 h6 29. Bf3 Kf8 30. Ne2 Ne4 31. Bxe4 dxe4 32. Bxf6 gxf6 33. Rd4 f5 34. Nf4 Re8 35. Rc5 Ra6 36. Nxe6+ fxe6 37. Rd7 Re7 38. Rxe7 Kxe7 39. Rc7+ Kf6 40. Rxb7 a4 41. b4 Rc6 42. Ra7 Rc1+ 43. Kh2 Rc2 44. Rxa4 Rxf2 45. b5 Rb2 46. Ra5 h5 47. h4 Ke5 48. Kg3 Kd5 49. a4 Kc4 50. Ra6 Kd3 51. Rxe6 Kxe3 52. b6 f4+ 53. Kh3 Rb1 54. Kh2 Rb2 55. a5 f3 56. Rf6 Rxg2+ 57. Kh3 Kf2 1/2-1/2

[Event "Gluecksburg tt"]
[Site "Gluecksburg"]
[Date "1977.??.??"]
[Round "1"]
[White "Mortensen, Erling"]
[Black "Gerusel, Mathias"]
[Result "0-1"]
[WhiteElo "2355"]
[BlackElo "2420"]
[PlyCount "62"]
[EventDate "1977.??.??"]
[Source "www.chesslib.no"]
[SourceDate "2004.05.04"]

1. c4 e5 2. Nc3 Nc6 3. Nf3 Nf6 4. e3 Bb4 5. Qc2 O-O 6. Nd5 Re8 7. Bd3 g6 8. a3 Bf8 9. Nxf6+ Qxf6 10. Be4 d6 11. b4 Qe7 12. Bb2 Nd8 13. Qb3 c6 14. O-O Bg7 15. Rae1 Be6 16. Bb1 b5 17. d3 a5 18. Qc2 e4 19. Bxg7 exf3 20. Bb2 Qg5 21. g3 Bh3 22. e4 Qg4 23. Qc3 Re5 24. d4 Rh5 25. d5 Re5 26. c5 axb4 27. axb4 Bg2 28. cxd6 f6 29. dxc6 Qh3 30. Qb3+ Nf7 31. Bxe5 Bh1 0-1

[Event "Nis Open"]
[Site "Nis YUG"]
[Date "1993.??.??"]
[Round "?"]
[White "Todorovic, Goran N"]
[Black "Zakic, Srdjan"]
[Result "0-1"]
[WhiteElo "2405"]
[BlackElo "2360"]
[PlyCount "95"]
[EventDate "1993.12.??"]
[Source "www.chesslib.no"]
[SourceDate "2004.05.04"]

1. c4 e5 2. Nc3 Nc6 3. Nf3 Nf6 4. e3 Bb4 5. Qc2 O-O 6. Nd5 Bc5 7. a3 a5 8. Ng5 g6 9. h4 d6 10. Bd3 Be6 11. h5 Nxd5 12. Nxe6 fxe6 13. cxd5 Qf6 14. f3 Qg5 15. dxc6 Qxg2 16. Rf1 Rxf3 17. Rxf3 Qxf3 18. Qc4 Qh1+ 19. Bf1 Rf8 20. Qxe6+ Rf7 21. Qh3 Qxc6 22. hxg6 hxg6 23. b4 axb4 24. axb4 Bxb4 25. Qg4 Ba5 26. Qxg6+ Kf8 27. Qh6+ Ke7 28. Qh4+ Kf8 29. Qh6+ Ke7 30. Qh4+ Kf8 31. Qc4 Qb6 32. Qd5 Qxe3+ 33. Kd1 Rxf1+ 34. Kc2 Rxc1+ 35. Kxc1 Qe1+ 36. Kb2 Qxd2+ 37. Qxd2 Bxd2 38. Ra7 Ke7 39. Rxb7 Kd7 40. Kc2 Be3 41. Kd3 Bb6 42. Rb8 d5 43. Rh8 e4+ 44. Ke2 Kd6 45. Rh6+ Ke5 46. Rc6 d4 47. Rh6 d3+ 48. Kd2 0-1

[Event "CSR Team Ch 9091"]
[Site "Czekhoslovakia"]
[Date "1990.11.10"]
[Round "1.3"]
[White "Banas, Jan"]
[Black "Gazik, Igor"]
[Result "1-0"]
[WhiteElo "2370"]
[BlackElo "2395"]
[PlyCount "95"]
[EventDate "1990.??.??"]
[Source "www.chesslib.no"]
[SourceDate "2004.05.04"]

1. c4 e5 2. Nc3 Nc6 3. Nf3 Nf6 4. e3 d6 5. d4 Bg4 6. Be2 Be7 7. O-O O-O 8. b3 Re8 9. d5 Nb8 10. e4 Rf8 11. Ne1 Bc8 12. Nd3 Nfd7 13. g3 Bg5 14. f4 exf4 15. gxf4 Bf6 16. Bd2 Bd4+ 17. Kh1 f5 18. exf5 Nf6 19. Ne1 Bxf5 20. Nf3 Bb6 21. Ng5 Nbd7 22. Ne6 Bxe6 23. dxe6 Nc5 24. f5 Nce4 25. Nxe4 Nxe4 26. Be1 c6 27. Bd3 d5 28. Qe2 Qf6 29. Rd1 Qe5 30. Bxe4 Qxe4+ 31. Qxe4 dxe4 32. Bc3 Rad8 33. Rxd8 Rxd8 34. Re1 e3 35. Rg1 g6 36. f6 e2 37. Re1 Rd1 38. Kg2 Bd4 39. f7+ Kf8 40. Rxe2 Bc5 41. Bd2 g5 42. h4 h6 43. hxg5 hxg5 44. Kf3 Rf1+ 45. Kg4 Be7 46. Bc3 Rh1 47. Kf5 Rh3 48. Kg6 1-0

[Event "AUT Ch"]
[Site "Austria"]
[Date "1993.??.??"]
[Round "5"]
[White "Stanec, Nikolaus"]
[Black "Petschar, Kurt"]
[Result "1/2-1/2"]
[WhiteElo "2440"]
[BlackElo "2325"]
[PlyCount "66"]
[EventDate "1993.??.??"]
[Source "www.chesslib.no"]
[SourceDate "2004.05.04"]

1. c4 e5 2. Nc3 Nc6 3. Nf3 Nf6 4. e3 Bb4 5. Qc2 Bxc3 6. Qxc3 Qe7 7. a3 a5 8. d3 a4 9. Bd2 O-O 10. Be2 d6 11. O-O Bg4 12. Qc2 e4 13. dxe4 Nxe4 14. Rad1 Rfe8 15. Rfe1 Qf6 16. Bc3 Nxc3 17. Qxc3 Qxc3 18. bxc3 Ne5 19. Nxe5 Bxe2 20. Rxe2 Rxe5 21. Rb2 b6 22. Rd5 Ra5 23. Rxa5 Rxa5 24. Kf1 Kf8 25. Ke2 Ke7 26. Rb4 Kd7 27. e4 Re5 28. Kd3 f5 29. exf5 Rxf5 30. f3 Rh5 31. h3 Rg5 32. g4 Ra5 33. f4 Ra8 1/2-1/2

[Event "LTU Ch"]
[Site "Vilnius LTU"]
[Date "1995.??.??"]
[Round "4"]
[White "Ruzele, Darius"]
[Black "Survila, Rimvydas"]
[Result "1-0"]
[WhiteElo "2500"]
[BlackElo "2255"]
[PlyCount "111"]
[EventDate "1995.??.??"]
[Source "www.chesslib.no"]
[SourceDate "2004.05.04"]

1. c4 e5 2. Nc3 Nc6 3. Nf3 Nf6 4. e3 d5 5. cxd5 Nxd5 6. Bb5 Nxc3 7. bxc3 Bd6 8. O-O O-O 9. e4 Bg4 10. Bxc6 bxc6 11. h3 Bh5 12. d3 h6 13. Be3 Qf6 14. g4 Bg6 15. Kg2 Rfb8 16. Qa4 c5 17. Nd2 Qe7 18. Rfb1 Qd8 19. Rxb8 Rxb8 20. Rb1 f6 21. Rxb8 Qxb8 22. c4 Be8 23. Qa3 Qb4 24. Qxa7 Ba4 25. Qa8+ Kh7 26. h4 Bc2 27. g5 hxg5 28. hxg5 Bxd3 29. Qd5 Be2 30. gxf6 Qb8 31. Qf7 Qf8 32. Qxf8 Bxf8 33. fxg7 Kxg7 34. a4 Bg4 35. a5 Bc8 36. Kf3 Kf6 37. Ke2 Ke6 38. Nb3 Kd7 39. Bxc5 Bg7 40. Bb4 Kc6 41. Bc3 Be6 42. Kd3 Bh3 43. Nd2 Kb7 44. f4 Ka6 45. Bxe5 Bxe5 46. fxe5 Kxa5 47. Kd4 Kb4 48. c5 Bg4 49. Nb1 Kb5 50. Kd5 Bd7 51. Nc3+ Kb4 52. Kd4 c6 53. Ne2 Kb5 54. Nf4 Be8 55. e6 Kb4 56. e7 1-0

[Event "YUG-chT"]
[Site "?"]
[Date "1998.??.??"]
[Round "4"]
[White "Bakic Rados"]
[Black "Prelevic Dusko"]
[Result "1-0"]
[WhiteElo "2440"]
[BlackElo "2310"]
[PlyCount "117"]
[EventDate "1998.??.??"]
[Source "www.chesslib.no"]
[SourceDate "2004.05.04"]

1. c4 e5 2. Nc3 Nc6 3. Nf3 Nf6 4. e3 Be7 5. Qc2 O-O 6. a3 a5 7. b3 d5 8. cxd5 Nxd5 9. Bb2 Nb6 10. Be2 Be6 11. O-O f5 12. d3 Bf6 13. Rfd1 Qe8 14. Rab1 Kh8 15. Ba1 Rd8 16. Nb5 Rf7 17. h3 Nd5 18. Nc3 Nb6 19. b4 axb4 20. axb4 g5 21. b5 Ne7 22. d4 e4 23. Nxg5 Bxg5 24. d5 Rg7 25. dxe6 Bf6 26. Rxd8 Qxd8 27. Bf1 Qg8 28. Ne2 Bxa1 29. Rxa1 Qxe6 30. Qxc7 Ned5 31. Qc5 Qf6 32. Rd1 Rc7 33. Qd4 Qxd4 34. Nxd4 Rf7 35. g3 Kg7 36. Rc1 Kf6 37. Kg2 Ke5 38. Kg1 f4 39. gxf4+ Nxf4 40. Rc5+ Nbd5 41. Rc8 Rg7+ 42. Kh2 Nd3 43. Re8+ Ne7 44. Rf8 Ne1 45. Rf4 Nd3 46. Bxd3 exd3 47. Nf3+ Kd5 48. Rd4+ Kc5 49. Rxd3 Kxb5 50. Rd7 Ka6 51. Nd4 b5 52. Ne6 Rf7 53. Nc7+ Ka5 54. Nd5 b4 55. Nxe7 Rxf2+ 56. Kg3 Rc2 57. Rb7 Ka4 58. Nf5 Rc3 59. Nd4 1-0

[Event "Corr"]
[Site "?"]
[Date "1998.??.??"]
[Round "?"]
[White "Prochazka Dalibor"]
[Black "Fester Albrecht"]
[Result "1/2-1/2"]
[WhiteElo "2280"]
[BlackElo "2460"]
[PlyCount "33"]
[EventDate "1998.??.??"]
[Source "www.chesslib.no"]
[SourceDate "2004.05.04"]

1. c4 e5 2. Nc3 Nc6 3. Nf3 Nf6 4. e3 Bb4 5. Qc2 O-O 6. Nd5 Re8 7. Qf5 d6 8. Nxf6+ gxf6 9. Qh5 d5 10. Bd3 e4 11. cxd5 exd3 12. dxc6 bxc6 13. b3 Qd5 14. Qh4 Re4 15. Qxf6 Be7 16. Qc3 Bb4 17. Qf6 1/2-1/2

[Event "MTO Open"]
[Site "?"]
[Date "2005.07.19"]
[Round "2"]
[White "Hassler Franck"]
[Black "Kritz Leonid"]
[Result "0-1"]
[WhiteElo "2194"]
[BlackElo "2544"]
[PlyCount "34"]
[EventDate "2005.??.??"]
[Source "www.chesslib.no"]
[SourceDate "2004.05.04"]

1. c4 e5 2. Nc3 Nc6 3. Nf3 Nf6 4. e3 Bb4 5. Qc2 O-O 6. Be2 Re8 7. a3 Bxc3 8. Qxc3 d5 9. cxd5 Nxd5 10. Qc5 e4 11. Nd4 Ne5 12. b4 b6 13. Qc2 Nf4 14. Kf1 Nxe2 15. Kxe2 c5 16. Nb5 Be6 17. Ke1 Bc4 0-1